<?xml version="1.0" encoding="UTF-8"?>
<record
    xmlns:xsi="http://www.w3.org/2001/XMLSchema-instance"
    xsi:schemaLocation="http://www.loc.gov/MARC21/slim http://www.loc.gov/standards/marcxml/schema/MARC21slim.xsd"
    xmlns="http://www.loc.gov/MARC21/slim">

  <leader>01394cas a2200349 i 4500</leader>
  <controlfield tag="001">000043719</controlfield>
  <controlfield tag="003">DLC</controlfield>
  <controlfield tag="005">20250516113120.0</controlfield>
  <controlfield tag="007">ta</controlfield>
  <controlfield tag="008">140404c2010    dr tr1pdd    ||    0spa d</controlfield>
  <datafield tag="022" ind1=" " ind2=" ">
    <subfield code="a">2077-9909</subfield>
  </datafield>
  <datafield tag="040" ind1=" " ind2=" ">
    <subfield code="a">DO-SdBNP</subfield>
    <subfield code="b">spa</subfield>
    <subfield code="c">BNPHU</subfield>
    <subfield code="e">rda</subfield>
  </datafield>
  <datafield tag="043" ind1=" " ind2=" ">
    <subfield code="a">nwdr</subfield>
  </datafield>
  <datafield tag="222" ind1=" " ind2="0">
    <subfield code="a">Observa-RD</subfield>
    <subfield code="b">observatorio econ&#xF3;mico de la Rep&#xFA;blica Dominicana</subfield>
  </datafield>
  <datafield tag="245" ind1="0" ind2="0">
    <subfield code="a">Observa-RD :</subfield>
    <subfield code="b">observatorio econ&#xF3;mico de la Rep&#xFA;blica Dominicana.</subfield>
  </datafield>
  <datafield tag="246" ind1="0" ind2="3">
    <subfield code="a">Observatorio econ&#xF3;mico</subfield>
    <subfield code="b">bolet&#xED;n de informaci&#xF3;n oportuna y an&#xE1;lisis prospectivo</subfield>
  </datafield>
  <datafield tag="264" ind1=" " ind2=" ">
    <subfield code="a">Santo Domingo, Rep&#xFA;blica Dominicana :</subfield>
    <subfield code="b">FUNGLODE,</subfield>
    <subfield code="c">2010.</subfield>
  </datafield>
  <datafield tag="300" ind1=" " ind2=" ">
    <subfield code="a">volumen :</subfield>
    <subfield code="b">ilustraciones, gr&#xE1;ficas, tablas ;</subfield>
    <subfield code="c">28 cm.</subfield>
  </datafield>
  <datafield tag="310" ind1=" " ind2=" ">
    <subfield code="a">Cuatrimestral.</subfield>
  </datafield>
  <datafield tag="336" ind1=" " ind2=" ">
    <subfield code="a">texto</subfield>
    <subfield code="b">txt</subfield>
    <subfield code="2">rdacontent</subfield>
  </datafield>
  <datafield tag="337" ind1=" " ind2=" ">
    <subfield code="a">sin mediaci&#xF3;n </subfield>
    <subfield code="b">n</subfield>
    <subfield code="2">rdamedia</subfield>
  </datafield>
  <datafield tag="338" ind1=" " ind2=" ">
    <subfield code="a">volumen </subfield>
    <subfield code="b">nc</subfield>
    <subfield code="2">rdacarrier</subfield>
  </datafield>
  <datafield tag="362" ind1="1" ind2=" ">
    <subfield code="a">Inicia con: A&#xF1;o.1, no.1 (Enero, 2010).</subfield>
  </datafield>
  <datafield tag="500" ind1=" " ind2=" ">
    <subfield code="a">Catalogaci&#xF3;n basada en: A&#xF1;o.1, no.1 (Enero, 2010).</subfield>
  </datafield>
  <datafield tag="500" ind1=" " ind2=" ">
    <subfield code="a">T&#xED;tulo tomado de la portada.</subfield>
  </datafield>
  <datafield tag="500" ind1=" " ind2=" ">
    <subfield code="a">Editor: 2010, Ren&#xE9; Villarreal.</subfield>
  </datafield>
  <datafield tag="650" ind1=" " ind2="0">
    <subfield code="a">Pol&#xED;tica econ&#xF3;mica</subfield>
    <subfield code="v">Publicaciones peri&#xF3;dicas </subfield>
    <subfield code="9">71533</subfield>
  </datafield>
  <datafield tag="651" ind1=" " ind2="4">
    <subfield code="a">Rep&#xFA;blica Dominicana</subfield>
    <subfield code="x">Condiciones econ&#xF3;micas</subfield>
    <subfield code="v">Publicaciones peri&#xF3;dicas </subfield>
    <subfield code="9">59305</subfield>
  </datafield>
  <datafield tag="700" ind1="1" ind2=" ">
    <subfield code="a">Villarreal, Ren&#xE9;</subfield>
    <subfield code="b">editor</subfield>
    <subfield code="9">71534</subfield>
  </datafield>
  <datafield tag="710" ind1="2" ind2=" ">
    <subfield code="a">Rep&#xFA;blica Dominicana.</subfield>
    <subfield code="9">25477</subfield>
    <subfield code="b">Fundaci&#xF3;n Global Democracia y Desarrollo</subfield>
  </datafield>
  <datafield tag="942" ind1=" " ind2=" ">
    <subfield code="2">ddc</subfield>
    <subfield code="c">ISSUE</subfield>
  </datafield>
  <datafield tag="952" ind1=" " ind2=" ">
    <subfield code="0">0</subfield>
    <subfield code="1">0</subfield>
    <subfield code="2">ddc</subfield>
    <subfield code="4">0</subfield>
    <subfield code="5">6</subfield>
    <subfield code="7">0</subfield>
    <subfield code="8">SE</subfield>
    <subfield code="a">PD</subfield>
    <subfield code="b">PD</subfield>
    <subfield code="c">RE</subfield>
    <subfield code="d">2014-04-07</subfield>
    <subfield code="e">4</subfield>
    <subfield code="h">A&#xF1;o.1: no.1(2010: enero)</subfield>
    <subfield code="i">201001302010013020140407</subfield>
    <subfield code="l">0</subfield>
    <subfield code="o">1</subfield>
    <subfield code="p">43719-1-1-1</subfield>
    <subfield code="r">2020-08-08</subfield>
    <subfield code="t">e.1</subfield>
    <subfield code="w">2020-08-08</subfield>
    <subfield code="y">ISSUE</subfield>
    <subfield code="z">Edici&#xF3;n especial: terremotos y maremotos: peligros que nos acechan.</subfield>
  </datafield>
  <datafield tag="952" ind1=" " ind2=" ">
    <subfield code="0">0</subfield>
    <subfield code="1">0</subfield>
    <subfield code="2">ddc</subfield>
    <subfield code="4">0</subfield>
    <subfield code="5">6</subfield>
    <subfield code="7">0</subfield>
    <subfield code="8">SE</subfield>
    <subfield code="a">PD</subfield>
    <subfield code="b">PD</subfield>
    <subfield code="c">RE</subfield>
    <subfield code="d">2014-04-07</subfield>
    <subfield code="e">4</subfield>
    <subfield code="h">A&#xF1;o.1: no.1: Ej.2 (2010: enero)</subfield>
    <subfield code="i">201001302010013020140407</subfield>
    <subfield code="l">0</subfield>
    <subfield code="o">1</subfield>
    <subfield code="p">43719-1-1-2</subfield>
    <subfield code="r">2020-08-08</subfield>
    <subfield code="t">e.2</subfield>
    <subfield code="w">2020-08-08</subfield>
    <subfield code="y">ISSUE</subfield>
    <subfield code="z">Edici&#xF3;n especial: terremotos y maremotos: peligros que nos acechan.</subfield>
  </datafield>
  <datafield tag="952" ind1=" " ind2=" ">
    <subfield code="0">0</subfield>
    <subfield code="1">0</subfield>
    <subfield code="2">ddc</subfield>
    <subfield code="4">0</subfield>
    <subfield code="5">6</subfield>
    <subfield code="7">0</subfield>
    <subfield code="8">SE</subfield>
    <subfield code="a">PD</subfield>
    <subfield code="b">PD</subfield>
    <subfield code="c">RE</subfield>
    <subfield code="d">2014-04-07</subfield>
    <subfield code="e">4</subfield>
    <subfield code="h">A&#xF1;o.1: no.1: Ej.3 (2010: enero)</subfield>
    <subfield code="i">201001302010013020140407</subfield>
    <subfield code="l">0</subfield>
    <subfield code="o">1</subfield>
    <subfield code="p">43719-1-1-3</subfield>
    <subfield code="r">2020-08-08</subfield>
    <subfield code="t">e.3</subfield>
    <subfield code="w">2020-08-08</subfield>
    <subfield code="y">ISSUE</subfield>
    <subfield code="z">Edici&#xF3;n especial: terremotos y maremotos: peligros que nos acechan.</subfield>
  </datafield>
  <datafield tag="952" ind1=" " ind2=" ">
    <subfield code="0">0</subfield>
    <subfield code="1">0</subfield>
    <subfield code="2">ddc</subfield>
    <subfield code="4">0</subfield>
    <subfield code="5">6</subfield>
    <subfield code="7">0</subfield>
    <subfield code="8">SE</subfield>
    <subfield code="a">PD</subfield>
    <subfield code="b">PD</subfield>
    <subfield code="c">RE</subfield>
    <subfield code="d">2014-04-07</subfield>
    <subfield code="e">4</subfield>
    <subfield code="h">A&#xF1;o.1: no.2 (2010: mayo.ago)</subfield>
    <subfield code="i">201005302010053020140407</subfield>
    <subfield code="l">0</subfield>
    <subfield code="o">2</subfield>
    <subfield code="p">43719-1-2-1</subfield>
    <subfield code="r">2020-08-08</subfield>
    <subfield code="t">e.1</subfield>
    <subfield code="w">2020-08-08</subfield>
    <subfield code="y">ISSUE</subfield>
    <subfield code="z">Edici&#xF3;n especial: terremotos y maremotos: peligros que nos acechan.</subfield>
  </datafield>
  <datafield tag="952" ind1=" " ind2=" ">
    <subfield code="0">0</subfield>
    <subfield code="1">0</subfield>
    <subfield code="2">ddc</subfield>
    <subfield code="4">0</subfield>
    <subfield code="5">6</subfield>
    <subfield code="7">0</subfield>
    <subfield code="8">SE</subfield>
    <subfield code="a">PD</subfield>
    <subfield code="b">PD</subfield>
    <subfield code="c">RE</subfield>
    <subfield code="d">2014-04-07</subfield>
    <subfield code="e">4</subfield>
    <subfield code="h">A&#xF1;o.1: no.2: Ej.2 (2010:mayo.ago)</subfield>
    <subfield code="i">201005302010053020140407</subfield>
    <subfield code="l">0</subfield>
    <subfield code="o">2</subfield>
    <subfield code="p">43719-1-2-2</subfield>
    <subfield code="r">2020-08-08</subfield>
    <subfield code="t">e.2</subfield>
    <subfield code="w">2020-08-08</subfield>
    <subfield code="y">ISSUE</subfield>
    <subfield code="z">Edici&#xF3;n especial: terremotos y maremotos: peligros que nos acechan.</subfield>
  </datafield>
  <datafield tag="952" ind1=" " ind2=" ">
    <subfield code="0">0</subfield>
    <subfield code="1">0</subfield>
    <subfield code="2">ddc</subfield>
    <subfield code="4">0</subfield>
    <subfield code="5">6</subfield>
    <subfield code="7">0</subfield>
    <subfield code="8">SE</subfield>
    <subfield code="a">PD</subfield>
    <subfield code="b">PD</subfield>
    <subfield code="c">RE</subfield>
    <subfield code="d">2014-04-07</subfield>
    <subfield code="e">4</subfield>
    <subfield code="h">A&#xF1;o.1: no.2: Ej.3 (2010:mayo.ago)</subfield>
    <subfield code="i">201005302010053020140407</subfield>
    <subfield code="l">0</subfield>
    <subfield code="o">2</subfield>
    <subfield code="p">43719-1-2-3</subfield>
    <subfield code="r">2020-08-08</subfield>
    <subfield code="t">e.3</subfield>
    <subfield code="w">2020-08-08</subfield>
    <subfield code="y">ISSUE</subfield>
    <subfield code="z">Edici&#xF3;n especial: terremotos y maremotos: peligros que nos acechan.</subfield>
  </datafield>
  <datafield tag="952" ind1=" " ind2=" ">
    <subfield code="0">0</subfield>
    <subfield code="1">0</subfield>
    <subfield code="2">ddc</subfield>
    <subfield code="4">0</subfield>
    <subfield code="5">6</subfield>
    <subfield code="7">0</subfield>
    <subfield code="8">SE</subfield>
    <subfield code="a">PD</subfield>
    <subfield code="b">PD</subfield>
    <subfield code="c">RE</subfield>
    <subfield code="d">2014-04-07</subfield>
    <subfield code="e">4</subfield>
    <subfield code="h">A&#xF1;o.1: no.3 (2010:sept.dic)</subfield>
    <subfield code="i">201009302010093020140407</subfield>
    <subfield code="l">0</subfield>
    <subfield code="o">3</subfield>
    <subfield code="p">43719-1-3-1</subfield>
    <subfield code="r">2020-08-08</subfield>
    <subfield code="t">e.4</subfield>
    <subfield code="w">2020-08-08</subfield>
    <subfield code="y">ISSUE</subfield>
    <subfield code="z">Edici&#xF3;n especial: terremotos y maremotos: peligros que nos acechan.</subfield>
  </datafield>
  <datafield tag="952" ind1=" " ind2=" ">
    <subfield code="0">0</subfield>
    <subfield code="1">0</subfield>
    <subfield code="2">ddc</subfield>
    <subfield code="4">0</subfield>
    <subfield code="5">6</subfield>
    <subfield code="7">0</subfield>
    <subfield code="8">SE</subfield>
    <subfield code="a">PD</subfield>
    <subfield code="b">PD</subfield>
    <subfield code="c">RE</subfield>
    <subfield code="d">2014-04-07</subfield>
    <subfield code="e">4</subfield>
    <subfield code="h">A&#xF1;o.1:no.3:Ej.2(2010:sept.dic)</subfield>
    <subfield code="i">201009302010093020140407</subfield>
    <subfield code="l">0</subfield>
    <subfield code="o">3</subfield>
    <subfield code="p">43719-1-3-2</subfield>
    <subfield code="r">2020-08-08</subfield>
    <subfield code="t">e.3</subfield>
    <subfield code="w">2020-08-08</subfield>
    <subfield code="y">ISSUE</subfield>
    <subfield code="z">Edici&#xF3;n especial: terremotos y maremotos: peligros que nos acechan.</subfield>
  </datafield>
  <datafield tag="952" ind1=" " ind2=" ">
    <subfield code="0">0</subfield>
    <subfield code="1">0</subfield>
    <subfield code="2">ddc</subfield>
    <subfield code="4">0</subfield>
    <subfield code="5">6</subfield>
    <subfield code="7">0</subfield>
    <subfield code="8">SE</subfield>
    <subfield code="a">PD</subfield>
    <subfield code="b">PD</subfield>
    <subfield code="c">RE</subfield>
    <subfield code="d">2014-04-07</subfield>
    <subfield code="e">4</subfield>
    <subfield code="h">A&#xF1;o.1: no.3: Ej.3 (2010:sept.dic)</subfield>
    <subfield code="i">201009302010093020140407</subfield>
    <subfield code="l">0</subfield>
    <subfield code="o">3</subfield>
    <subfield code="p">43719-1-3-3</subfield>
    <subfield code="r">2020-08-08</subfield>
    <subfield code="t">e.2</subfield>
    <subfield code="w">2020-08-08</subfield>
    <subfield code="y">ISSUE</subfield>
    <subfield code="z">Edici&#xF3;n especial: terremotos y maremotos: peligros que nos acechan.</subfield>
  </datafield>
  <datafield tag="952" ind1=" " ind2=" ">
    <subfield code="0">0</subfield>
    <subfield code="1">0</subfield>
    <subfield code="2">ddc</subfield>
    <subfield code="4">0</subfield>
    <subfield code="5">6</subfield>
    <subfield code="7">0</subfield>
    <subfield code="8">SE</subfield>
    <subfield code="a">PD</subfield>
    <subfield code="b">PD</subfield>
    <subfield code="c">RE</subfield>
    <subfield code="d">2014-04-07</subfield>
    <subfield code="e">4</subfield>
    <subfield code="h">A&#xF1;o.1: no.3: Ej.4 (2010: sept.dic)</subfield>
    <subfield code="i">201009302010093020140407</subfield>
    <subfield code="l">0</subfield>
    <subfield code="o">3</subfield>
    <subfield code="p">43719-1-3-4</subfield>
    <subfield code="r">2020-08-08</subfield>
    <subfield code="t">e.4</subfield>
    <subfield code="w">2020-08-08</subfield>
    <subfield code="y">ISSUE</subfield>
    <subfield code="z">Edici&#xF3;n especial: terremotos y maremotos: peligros que nos acechan.</subfield>
  </datafield>
  <datafield tag="952" ind1=" " ind2=" ">
    <subfield code="0">0</subfield>
    <subfield code="1">0</subfield>
    <subfield code="2">ddc</subfield>
    <subfield code="4">0</subfield>
    <subfield code="5">6</subfield>
    <subfield code="7">0</subfield>
    <subfield code="8">SE</subfield>
    <subfield code="a">PD</subfield>
    <subfield code="b">PD</subfield>
    <subfield code="c">RE</subfield>
    <subfield code="d">2014-04-07</subfield>
    <subfield code="e">4</subfield>
    <subfield code="h">A&#xF1;o.1: no.3: Ej.5 (2010: sept.dic)</subfield>
    <subfield code="i">201009302010093020140407</subfield>
    <subfield code="l">0</subfield>
    <subfield code="o">3</subfield>
    <subfield code="p">43719-1-3-5</subfield>
    <subfield code="r">2020-08-08</subfield>
    <subfield code="t">e.5</subfield>
    <subfield code="w">2020-08-08</subfield>
    <subfield code="y">ISSUE</subfield>
    <subfield code="z">Edici&#xF3;n especial: terremotos y maremotos: peligros que nos acechan.</subfield>
  </datafield>
  <datafield tag="952" ind1=" " ind2=" ">
    <subfield code="0">0</subfield>
    <subfield code="1">0</subfield>
    <subfield code="2">ddc</subfield>
    <subfield code="4">0</subfield>
    <subfield code="5">6</subfield>
    <subfield code="7">0</subfield>
    <subfield code="8">SE</subfield>
    <subfield code="a">PD</subfield>
    <subfield code="b">PD</subfield>
    <subfield code="c">RE</subfield>
    <subfield code="d">2014-04-07</subfield>
    <subfield code="e">4</subfield>
    <subfield code="h">A&#xF1;o.2: no.4 (2011: enero)</subfield>
    <subfield code="i">201101302011013020140407</subfield>
    <subfield code="l">0</subfield>
    <subfield code="o">4</subfield>
    <subfield code="p">43719-1-4-1</subfield>
    <subfield code="r">2020-08-08</subfield>
    <subfield code="t">e.4</subfield>
    <subfield code="w">2020-08-08</subfield>
    <subfield code="y">ISSUE</subfield>
    <subfield code="z">Edici&#xF3;n especial: terremotos y maremotos: peligros que nos acechan.</subfield>
  </datafield>
  <datafield tag="952" ind1=" " ind2=" ">
    <subfield code="0">0</subfield>
    <subfield code="1">0</subfield>
    <subfield code="2">ddc</subfield>
    <subfield code="4">0</subfield>
    <subfield code="5">6</subfield>
    <subfield code="7">0</subfield>
    <subfield code="8">SE</subfield>
    <subfield code="a">PD</subfield>
    <subfield code="b">PD</subfield>
    <subfield code="c">RE</subfield>
    <subfield code="d">2014-04-07</subfield>
    <subfield code="e">4</subfield>
    <subfield code="h">A&#xF1;o.2: no.4: Ej.2 (2011:enero)</subfield>
    <subfield code="i">201101302011013020140407</subfield>
    <subfield code="l">0</subfield>
    <subfield code="o">4</subfield>
    <subfield code="p">43719-2-4-2</subfield>
    <subfield code="r">2020-08-08</subfield>
    <subfield code="w">2020-08-08</subfield>
    <subfield code="y">ISSUE</subfield>
    <subfield code="z">Edici&#xF3;n especial: terremotos y maremotos: peligros que nos acechan.</subfield>
  </datafield>
  <datafield tag="952" ind1=" " ind2=" ">
    <subfield code="0">0</subfield>
    <subfield code="1">0</subfield>
    <subfield code="2">ddc</subfield>
    <subfield code="4">0</subfield>
    <subfield code="5">6</subfield>
    <subfield code="7">0</subfield>
    <subfield code="8">SE</subfield>
    <subfield code="a">PD</subfield>
    <subfield code="b">PD</subfield>
    <subfield code="c">RE</subfield>
    <subfield code="d">2014-04-07</subfield>
    <subfield code="e">4</subfield>
    <subfield code="h">A&#xF1;o.2: no.4:vEj.3 (2011: enero)</subfield>
    <subfield code="i">201101302011013020140407</subfield>
    <subfield code="l">0</subfield>
    <subfield code="o">4</subfield>
    <subfield code="p">43719-2-4-3</subfield>
    <subfield code="r">2020-08-08</subfield>
    <subfield code="w">2020-08-08</subfield>
    <subfield code="y">ISSUE</subfield>
    <subfield code="z">Edici&#xF3;n especial: terremotos y maremotos: peligros que nos acechan.</subfield>
  </datafield>
  <datafield tag="952" ind1=" " ind2=" ">
    <subfield code="0">0</subfield>
    <subfield code="1">0</subfield>
    <subfield code="2">ddc</subfield>
    <subfield code="4">0</subfield>
    <subfield code="5">6</subfield>
    <subfield code="7">0</subfield>
    <subfield code="8">SE</subfield>
    <subfield code="a">PD</subfield>
    <subfield code="b">PD</subfield>
    <subfield code="c">RE</subfield>
    <subfield code="d">2014-04-07</subfield>
    <subfield code="e">4</subfield>
    <subfield code="h">A&#xF1;o.2: no.4: Ej.4 (2011: enero)</subfield>
    <subfield code="i">201101302011013020140407</subfield>
    <subfield code="l">0</subfield>
    <subfield code="o">4</subfield>
    <subfield code="p">43719-2-4-4</subfield>
    <subfield code="r">2020-08-08</subfield>
    <subfield code="w">2020-08-08</subfield>
    <subfield code="y">ISSUE</subfield>
    <subfield code="z">Edici&#xF3;n especial: terremotos y maremotos: peligros que nos acechan.</subfield>
  </datafield>
  <datafield tag="952" ind1=" " ind2=" ">
    <subfield code="0">0</subfield>
    <subfield code="1">0</subfield>
    <subfield code="2">ddc</subfield>
    <subfield code="4">0</subfield>
    <subfield code="5">6</subfield>
    <subfield code="7">0</subfield>
    <subfield code="8">SE</subfield>
    <subfield code="a">PD</subfield>
    <subfield code="b">PD</subfield>
    <subfield code="c">RE</subfield>
    <subfield code="d">2014-04-07</subfield>
    <subfield code="e">4</subfield>
    <subfield code="h">A&#xF1;o.2: no.4: Ej.5 (2011: enero)</subfield>
    <subfield code="i">201101302011013020140407</subfield>
    <subfield code="l">0</subfield>
    <subfield code="o">4</subfield>
    <subfield code="p">43719-2-4-5</subfield>
    <subfield code="r">2020-08-08</subfield>
    <subfield code="t">e.5</subfield>
    <subfield code="w">2020-08-08</subfield>
    <subfield code="y">ISSUE</subfield>
    <subfield code="z">Edici&#xF3;n especial: terremotos y maremotos: peligros que nos acechan.</subfield>
  </datafield>
  <datafield tag="952" ind1=" " ind2=" ">
    <subfield code="0">0</subfield>
    <subfield code="1">0</subfield>
    <subfield code="2">ddc</subfield>
    <subfield code="4">0</subfield>
    <subfield code="5">6</subfield>
    <subfield code="7">0</subfield>
    <subfield code="8">SE</subfield>
    <subfield code="a">PD</subfield>
    <subfield code="b">PD</subfield>
    <subfield code="c">RE</subfield>
    <subfield code="d">2014-04-07</subfield>
    <subfield code="e">4</subfield>
    <subfield code="h">A&#xF1;o.2: no.5 (2011: mayo.ago)</subfield>
    <subfield code="i">201105302011053020140407</subfield>
    <subfield code="l">0</subfield>
    <subfield code="o">5</subfield>
    <subfield code="p">43719-2-5-1</subfield>
    <subfield code="r">2020-08-08</subfield>
    <subfield code="w">2020-08-08</subfield>
    <subfield code="y">ISSUE</subfield>
    <subfield code="z">Edici&#xF3;n especial: terremotos y maremotos: peligros que nos acechan.</subfield>
  </datafield>
  <datafield tag="952" ind1=" " ind2=" ">
    <subfield code="0">0</subfield>
    <subfield code="1">0</subfield>
    <subfield code="2">ddc</subfield>
    <subfield code="4">0</subfield>
    <subfield code="5">6</subfield>
    <subfield code="7">0</subfield>
    <subfield code="8">SE</subfield>
    <subfield code="a">PD</subfield>
    <subfield code="b">PD</subfield>
    <subfield code="c">RE</subfield>
    <subfield code="d">2014-04-07</subfield>
    <subfield code="e">4</subfield>
    <subfield code="h">A&#xF1;o.2: no.5: Ej.2 (2011: mayo.ago)</subfield>
    <subfield code="i">201105302011053020140407</subfield>
    <subfield code="l">0</subfield>
    <subfield code="o">5</subfield>
    <subfield code="p">43719-2-5-2</subfield>
    <subfield code="r">2020-08-08</subfield>
    <subfield code="w">2020-08-08</subfield>
    <subfield code="y">ISSUE</subfield>
    <subfield code="z">Edici&#xF3;n especial: terremotos y maremotos: peligros que nos acechan.</subfield>
  </datafield>
  <datafield tag="952" ind1=" " ind2=" ">
    <subfield code="0">0</subfield>
    <subfield code="1">0</subfield>
    <subfield code="2">ddc</subfield>
    <subfield code="4">0</subfield>
    <subfield code="5">6</subfield>
    <subfield code="7">0</subfield>
    <subfield code="8">SE</subfield>
    <subfield code="a">PD</subfield>
    <subfield code="b">PD</subfield>
    <subfield code="c">RE</subfield>
    <subfield code="d">2014-04-07</subfield>
    <subfield code="e">4</subfield>
    <subfield code="h">A&#xF1;o.2:no.5:Ej.3(2011:mayo.ago)</subfield>
    <subfield code="i">201105302011053020140407</subfield>
    <subfield code="l">0</subfield>
    <subfield code="o">5</subfield>
    <subfield code="p">43719-2-5-3</subfield>
    <subfield code="r">2020-08-08</subfield>
    <subfield code="w">2020-08-08</subfield>
    <subfield code="y">ISSUE</subfield>
    <subfield code="z">Edici&#xF3;n especial: terremotos y maremotos: peligros que nos acechan.</subfield>
  </datafield>
  <datafield tag="952" ind1=" " ind2=" ">
    <subfield code="0">0</subfield>
    <subfield code="1">0</subfield>
    <subfield code="2">ddc</subfield>
    <subfield code="4">0</subfield>
    <subfield code="5">6</subfield>
    <subfield code="7">0</subfield>
    <subfield code="8">SE</subfield>
    <subfield code="a">PD</subfield>
    <subfield code="b">PD</subfield>
    <subfield code="c">RE</subfield>
    <subfield code="d">2014-04-07</subfield>
    <subfield code="e">4</subfield>
    <subfield code="h">A&#xF1;o.2: no.6 (2011: sept.Dic)</subfield>
    <subfield code="i">201109302011093020140407</subfield>
    <subfield code="l">0</subfield>
    <subfield code="o">6</subfield>
    <subfield code="p">43719-2-6-1</subfield>
    <subfield code="r">2020-08-08</subfield>
    <subfield code="t">e.6</subfield>
    <subfield code="w">2020-08-08</subfield>
    <subfield code="y">ISSUE</subfield>
    <subfield code="z">Edici&#xF3;n especial: terremotos y maremotos: peligros que nos acechan.</subfield>
  </datafield>
  <datafield tag="952" ind1=" " ind2=" ">
    <subfield code="0">0</subfield>
    <subfield code="1">0</subfield>
    <subfield code="2">ddc</subfield>
    <subfield code="4">0</subfield>
    <subfield code="5">6</subfield>
    <subfield code="7">0</subfield>
    <subfield code="8">SE</subfield>
    <subfield code="a">PD</subfield>
    <subfield code="b">PD</subfield>
    <subfield code="c">RE</subfield>
    <subfield code="d">2014-04-07</subfield>
    <subfield code="e">4</subfield>
    <subfield code="h">A&#xF1;o.2: no.6: Ej.2 (2011: sept.Dic)</subfield>
    <subfield code="i">201109302011093020140407</subfield>
    <subfield code="l">0</subfield>
    <subfield code="o">6</subfield>
    <subfield code="p">43719-2-6-2</subfield>
    <subfield code="r">2020-08-08</subfield>
    <subfield code="w">2020-08-08</subfield>
    <subfield code="y">ISSUE</subfield>
    <subfield code="z">Edici&#xF3;n especial: terremotos y maremotos: peligros que nos acechan.</subfield>
  </datafield>
  <datafield tag="952" ind1=" " ind2=" ">
    <subfield code="0">0</subfield>
    <subfield code="1">0</subfield>
    <subfield code="2">ddc</subfield>
    <subfield code="4">0</subfield>
    <subfield code="5">6</subfield>
    <subfield code="7">0</subfield>
    <subfield code="8">SE</subfield>
    <subfield code="a">PD</subfield>
    <subfield code="b">PD</subfield>
    <subfield code="c">RE</subfield>
    <subfield code="d">2014-04-07</subfield>
    <subfield code="e">4</subfield>
    <subfield code="h">A&#xF1;o.2: no.6: Ej.3 (2011:sept.Dic)</subfield>
    <subfield code="i">201109302011093020140407</subfield>
    <subfield code="l">0</subfield>
    <subfield code="o">6</subfield>
    <subfield code="p">43719-2-6-3</subfield>
    <subfield code="r">2020-08-08</subfield>
    <subfield code="w">2020-08-08</subfield>
    <subfield code="y">ISSUE</subfield>
    <subfield code="z">Edici&#xF3;n especial: terremotos y maremotos: peligros que nos acechan.</subfield>
  </datafield>
  <datafield tag="952" ind1=" " ind2=" ">
    <subfield code="0">0</subfield>
    <subfield code="1">0</subfield>
    <subfield code="2">ddc</subfield>
    <subfield code="4">0</subfield>
    <subfield code="5">6</subfield>
    <subfield code="7">0</subfield>
    <subfield code="8">SE</subfield>
    <subfield code="a">PD</subfield>
    <subfield code="b">PD</subfield>
    <subfield code="c">RE</subfield>
    <subfield code="d">2014-04-07</subfield>
    <subfield code="e">4</subfield>
    <subfield code="h">A&#xF1;o.2: no.6: Ej.4 (2011: sept.Dic)</subfield>
    <subfield code="i">201109302011093020140407</subfield>
    <subfield code="l">0</subfield>
    <subfield code="o">6</subfield>
    <subfield code="p">43719-2-6-4</subfield>
    <subfield code="r">2020-08-08</subfield>
    <subfield code="w">2020-08-08</subfield>
    <subfield code="y">ISSUE</subfield>
    <subfield code="z">Edici&#xF3;n especial: terremotos y maremotos: peligros que nos acechan.</subfield>
  </datafield>
  <datafield tag="952" ind1=" " ind2=" ">
    <subfield code="0">0</subfield>
    <subfield code="1">0</subfield>
    <subfield code="2">ddc</subfield>
    <subfield code="4">0</subfield>
    <subfield code="5">6</subfield>
    <subfield code="7">0</subfield>
    <subfield code="8">SE</subfield>
    <subfield code="a">PD</subfield>
    <subfield code="b">PD</subfield>
    <subfield code="c">RE</subfield>
    <subfield code="d">2014-04-07</subfield>
    <subfield code="e">4</subfield>
    <subfield code="h">A&#xF1;o.2: no.6: Ej.5 (2011:sept.Dic)</subfield>
    <subfield code="i">201109302011093020140407</subfield>
    <subfield code="l">0</subfield>
    <subfield code="o">6</subfield>
    <subfield code="p">43719-2-6-5</subfield>
    <subfield code="r">2020-08-08</subfield>
    <subfield code="t">e.5</subfield>
    <subfield code="w">2020-08-08</subfield>
    <subfield code="y">ISSUE</subfield>
    <subfield code="z">Edici&#xF3;n especial: terremotos y maremotos: peligros que nos acechan.</subfield>
  </datafield>
  <datafield tag="952" ind1=" " ind2=" ">
    <subfield code="0">0</subfield>
    <subfield code="1">0</subfield>
    <subfield code="2">ddc</subfield>
    <subfield code="4">0</subfield>
    <subfield code="5">6</subfield>
    <subfield code="7">0</subfield>
    <subfield code="8">SE</subfield>
    <subfield code="a">PD</subfield>
    <subfield code="b">PD</subfield>
    <subfield code="c">NA</subfield>
    <subfield code="d">2014-04-07</subfield>
    <subfield code="e">4</subfield>
    <subfield code="h">A&#xF1;o.4: no.10 (2013: enero)</subfield>
    <subfield code="i">2013013020130130</subfield>
    <subfield code="l">0</subfield>
    <subfield code="o">10</subfield>
    <subfield code="p">43719-240</subfield>
    <subfield code="r">2020-08-08</subfield>
    <subfield code="w">2020-08-08</subfield>
    <subfield code="y">ISSUE</subfield>
    <subfield code="z">Edici&#xF3;n especial: terremotos y maremotos: peligros que nos acechan.</subfield>
  </datafield>
  <datafield tag="952" ind1=" " ind2=" ">
    <subfield code="0">0</subfield>
    <subfield code="1">0</subfield>
    <subfield code="2">ddc</subfield>
    <subfield code="4">0</subfield>
    <subfield code="5">6</subfield>
    <subfield code="7">0</subfield>
    <subfield code="8">SE</subfield>
    <subfield code="a">PD</subfield>
    <subfield code="b">PD</subfield>
    <subfield code="c">NA</subfield>
    <subfield code="d">2014-04-07</subfield>
    <subfield code="e">4</subfield>
    <subfield code="h">A&#xF1;o.4: no.12 (2013: sept.)</subfield>
    <subfield code="i">2013093020130930</subfield>
    <subfield code="l">0</subfield>
    <subfield code="o">12</subfield>
    <subfield code="p">43719-260</subfield>
    <subfield code="r">2020-08-08</subfield>
    <subfield code="w">2020-08-08</subfield>
    <subfield code="y">ISSUE</subfield>
    <subfield code="z">Edici&#xF3;n especial: terremotos y maremotos: peligros que nos acechan.</subfield>
  </datafield>
  <datafield tag="952" ind1=" " ind2=" ">
    <subfield code="0">0</subfield>
    <subfield code="1">0</subfield>
    <subfield code="2">ddc</subfield>
    <subfield code="4">0</subfield>
    <subfield code="5">6</subfield>
    <subfield code="7">0</subfield>
    <subfield code="8">SE</subfield>
    <subfield code="a">PD</subfield>
    <subfield code="b">PD</subfield>
    <subfield code="c">RE</subfield>
    <subfield code="d">2014-04-07</subfield>
    <subfield code="e">4</subfield>
    <subfield code="h">A&#xF1;o.3: no.7 (2012: enero)</subfield>
    <subfield code="i">201201302012013020140407</subfield>
    <subfield code="l">0</subfield>
    <subfield code="o">7</subfield>
    <subfield code="p">43719-3-7-1</subfield>
    <subfield code="r">2020-08-08</subfield>
    <subfield code="t">e.7</subfield>
    <subfield code="w">2020-08-08</subfield>
    <subfield code="y">ISSUE</subfield>
    <subfield code="z">Edici&#xF3;n especial: terremotos y maremotos: peligros que nos acechan.</subfield>
  </datafield>
  <datafield tag="952" ind1=" " ind2=" ">
    <subfield code="0">0</subfield>
    <subfield code="1">0</subfield>
    <subfield code="2">ddc</subfield>
    <subfield code="4">0</subfield>
    <subfield code="5">6</subfield>
    <subfield code="7">0</subfield>
    <subfield code="8">SE</subfield>
    <subfield code="a">PD</subfield>
    <subfield code="b">PD</subfield>
    <subfield code="c">RE</subfield>
    <subfield code="d">2014-04-07</subfield>
    <subfield code="e">4</subfield>
    <subfield code="h">A&#xF1;o.3: no.7: Ej.2 (2012: enero)</subfield>
    <subfield code="i">201201302012013020140407</subfield>
    <subfield code="l">0</subfield>
    <subfield code="o">7</subfield>
    <subfield code="p">43719-3-7-2</subfield>
    <subfield code="r">2020-08-08</subfield>
    <subfield code="w">2020-08-08</subfield>
    <subfield code="y">ISSUE</subfield>
    <subfield code="z">Edici&#xF3;n especial: terremotos y maremotos: peligros que nos acechan.</subfield>
  </datafield>
  <datafield tag="952" ind1=" " ind2=" ">
    <subfield code="0">0</subfield>
    <subfield code="1">0</subfield>
    <subfield code="2">ddc</subfield>
    <subfield code="4">0</subfield>
    <subfield code="5">6</subfield>
    <subfield code="7">0</subfield>
    <subfield code="8">SE</subfield>
    <subfield code="a">PD</subfield>
    <subfield code="b">PD</subfield>
    <subfield code="c">RE</subfield>
    <subfield code="d">2014-04-07</subfield>
    <subfield code="e">4</subfield>
    <subfield code="h">A&#xF1;o.3:no.7: Ej.3(2012: enero)</subfield>
    <subfield code="i">201201302012013020140407</subfield>
    <subfield code="l">0</subfield>
    <subfield code="o">7</subfield>
    <subfield code="p">43719-3-7-3</subfield>
    <subfield code="r">2020-08-08</subfield>
    <subfield code="w">2020-08-08</subfield>
    <subfield code="y">ISSUE</subfield>
    <subfield code="z">Edici&#xF3;n especial: terremotos y maremotos: peligros que nos acechan.</subfield>
  </datafield>
  <datafield tag="952" ind1=" " ind2=" ">
    <subfield code="0">0</subfield>
    <subfield code="1">0</subfield>
    <subfield code="2">ddc</subfield>
    <subfield code="4">0</subfield>
    <subfield code="5">6</subfield>
    <subfield code="7">0</subfield>
    <subfield code="8">SE</subfield>
    <subfield code="a">PD</subfield>
    <subfield code="b">PD</subfield>
    <subfield code="c">RE</subfield>
    <subfield code="d">2014-04-07</subfield>
    <subfield code="e">4</subfield>
    <subfield code="h">A&#xF1;o.3: no.7: Ej.4 (2012: enero)</subfield>
    <subfield code="i">201201302012013020140407</subfield>
    <subfield code="l">0</subfield>
    <subfield code="o">7</subfield>
    <subfield code="p">43719-3-7-4</subfield>
    <subfield code="r">2020-08-08</subfield>
    <subfield code="w">2020-08-08</subfield>
    <subfield code="y">ISSUE</subfield>
    <subfield code="z">Edici&#xF3;n especial: terremotos y maremotos: peligros que nos acechan.</subfield>
  </datafield>
  <datafield tag="952" ind1=" " ind2=" ">
    <subfield code="0">0</subfield>
    <subfield code="1">0</subfield>
    <subfield code="2">ddc</subfield>
    <subfield code="4">0</subfield>
    <subfield code="5">6</subfield>
    <subfield code="7">0</subfield>
    <subfield code="8">SE</subfield>
    <subfield code="a">PD</subfield>
    <subfield code="b">PD</subfield>
    <subfield code="c">RE</subfield>
    <subfield code="d">2014-04-07</subfield>
    <subfield code="e">4</subfield>
    <subfield code="h">A&#xF1;o.3: no.7: Ej.5 (2012: enero)</subfield>
    <subfield code="i">201201302012013020140407</subfield>
    <subfield code="l">0</subfield>
    <subfield code="o">7</subfield>
    <subfield code="p">43719-3-7-5</subfield>
    <subfield code="r">2020-08-08</subfield>
    <subfield code="t">e.5</subfield>
    <subfield code="w">2020-08-08</subfield>
    <subfield code="y">ISSUE</subfield>
    <subfield code="z">Edici&#xF3;n especial: terremotos y maremotos: peligros que nos acechan.</subfield>
  </datafield>
  <datafield tag="952" ind1=" " ind2=" ">
    <subfield code="0">0</subfield>
    <subfield code="1">0</subfield>
    <subfield code="2">ddc</subfield>
    <subfield code="4">0</subfield>
    <subfield code="5">6</subfield>
    <subfield code="7">0</subfield>
    <subfield code="8">SE</subfield>
    <subfield code="a">PD</subfield>
    <subfield code="b">PD</subfield>
    <subfield code="c">RE</subfield>
    <subfield code="d">2014-04-07</subfield>
    <subfield code="e">4</subfield>
    <subfield code="h">A&#xF1;o.3: no.8 (2012: mayo.Ago)</subfield>
    <subfield code="i">201205302012053020140407</subfield>
    <subfield code="l">0</subfield>
    <subfield code="o">8</subfield>
    <subfield code="p">43719-3-8-1</subfield>
    <subfield code="r">2020-08-08</subfield>
    <subfield code="t">e.8</subfield>
    <subfield code="w">2020-08-08</subfield>
    <subfield code="y">ISSUE</subfield>
    <subfield code="z">Edici&#xF3;n especial: terremotos y maremotos: peligros que nos acechan.</subfield>
  </datafield>
  <datafield tag="952" ind1=" " ind2=" ">
    <subfield code="0">0</subfield>
    <subfield code="1">0</subfield>
    <subfield code="2">ddc</subfield>
    <subfield code="4">0</subfield>
    <subfield code="5">6</subfield>
    <subfield code="7">0</subfield>
    <subfield code="8">SE</subfield>
    <subfield code="a">PD</subfield>
    <subfield code="b">PD</subfield>
    <subfield code="c">RE</subfield>
    <subfield code="d">2014-04-07</subfield>
    <subfield code="e">4</subfield>
    <subfield code="h">A&#xF1;o.3: no.8: Ej.2 (2012: mayo.Ago)</subfield>
    <subfield code="i">201205302012053020140407</subfield>
    <subfield code="l">0</subfield>
    <subfield code="o">8</subfield>
    <subfield code="p">43719-3-8-2</subfield>
    <subfield code="r">2020-08-08</subfield>
    <subfield code="w">2020-08-08</subfield>
    <subfield code="y">ISSUE</subfield>
    <subfield code="z">Edici&#xF3;n especial: terremotos y maremotos: peligros que nos acechan.</subfield>
  </datafield>
  <datafield tag="952" ind1=" " ind2=" ">
    <subfield code="0">0</subfield>
    <subfield code="1">0</subfield>
    <subfield code="2">ddc</subfield>
    <subfield code="4">0</subfield>
    <subfield code="5">6</subfield>
    <subfield code="7">0</subfield>
    <subfield code="8">SE</subfield>
    <subfield code="a">PD</subfield>
    <subfield code="b">PD</subfield>
    <subfield code="c">RE</subfield>
    <subfield code="d">2014-04-07</subfield>
    <subfield code="e">4</subfield>
    <subfield code="h">A&#xF1;o.3: no.8: Ej.3 (2012: mayo.Ago)</subfield>
    <subfield code="i">201205302012053020140407</subfield>
    <subfield code="l">0</subfield>
    <subfield code="o">8</subfield>
    <subfield code="p">43719-3-8-3</subfield>
    <subfield code="r">2020-08-08</subfield>
    <subfield code="w">2020-08-08</subfield>
    <subfield code="y">ISSUE</subfield>
    <subfield code="z">Edici&#xF3;n especial: terremotos y maremotos: peligros que nos acechan.</subfield>
  </datafield>
  <datafield tag="952" ind1=" " ind2=" ">
    <subfield code="0">0</subfield>
    <subfield code="1">0</subfield>
    <subfield code="2">ddc</subfield>
    <subfield code="4">0</subfield>
    <subfield code="5">6</subfield>
    <subfield code="7">0</subfield>
    <subfield code="8">SE</subfield>
    <subfield code="a">PD</subfield>
    <subfield code="b">PD</subfield>
    <subfield code="c">RE</subfield>
    <subfield code="d">2014-04-07</subfield>
    <subfield code="e">4</subfield>
    <subfield code="h">A&#xF1;o.3: no.8: Ej.4 (2012: mayo.Ago)</subfield>
    <subfield code="i">201205302012053020140407</subfield>
    <subfield code="l">0</subfield>
    <subfield code="o">8</subfield>
    <subfield code="p">43719-3-8-4</subfield>
    <subfield code="r">2020-08-08</subfield>
    <subfield code="w">2020-08-08</subfield>
    <subfield code="y">ISSUE</subfield>
    <subfield code="z">Edici&#xF3;n especial: terremotos y maremotos: peligros que nos acechan.</subfield>
  </datafield>
  <datafield tag="952" ind1=" " ind2=" ">
    <subfield code="0">0</subfield>
    <subfield code="1">0</subfield>
    <subfield code="2">ddc</subfield>
    <subfield code="4">0</subfield>
    <subfield code="5">6</subfield>
    <subfield code="7">0</subfield>
    <subfield code="8">SE</subfield>
    <subfield code="a">PD</subfield>
    <subfield code="b">PD</subfield>
    <subfield code="c">RE</subfield>
    <subfield code="d">2014-04-07</subfield>
    <subfield code="e">4</subfield>
    <subfield code="h">A&#xF1;o.3: no.8: Ej.5 (2012: mayo.Ago)</subfield>
    <subfield code="i">201205302012053020140407</subfield>
    <subfield code="l">0</subfield>
    <subfield code="o">8</subfield>
    <subfield code="p">43719-3-8-5</subfield>
    <subfield code="r">2020-08-08</subfield>
    <subfield code="w">2020-08-08</subfield>
    <subfield code="y">ISSUE</subfield>
    <subfield code="z">Edici&#xF3;n especial: terremotos y maremotos: peligros que nos acechan.</subfield>
  </datafield>
  <datafield tag="952" ind1=" " ind2=" ">
    <subfield code="0">0</subfield>
    <subfield code="1">0</subfield>
    <subfield code="2">ddc</subfield>
    <subfield code="4">0</subfield>
    <subfield code="5">6</subfield>
    <subfield code="7">0</subfield>
    <subfield code="8">SE</subfield>
    <subfield code="a">PD</subfield>
    <subfield code="b">PD</subfield>
    <subfield code="c">RE</subfield>
    <subfield code="d">2014-04-07</subfield>
    <subfield code="e">4</subfield>
    <subfield code="h">A&#xF1;o.3: no.9 (2012: sept.Dic)</subfield>
    <subfield code="i">201209302012093020140407</subfield>
    <subfield code="l">0</subfield>
    <subfield code="o">9</subfield>
    <subfield code="p">43719-3-9-1</subfield>
    <subfield code="r">2020-08-08</subfield>
    <subfield code="t">e.9</subfield>
    <subfield code="w">2020-08-08</subfield>
    <subfield code="y">ISSUE</subfield>
    <subfield code="z">Edici&#xF3;n especial: terremotos y maremotos: peligros que nos acechan.</subfield>
  </datafield>
  <datafield tag="952" ind1=" " ind2=" ">
    <subfield code="0">0</subfield>
    <subfield code="1">0</subfield>
    <subfield code="2">ddc</subfield>
    <subfield code="4">0</subfield>
    <subfield code="5">6</subfield>
    <subfield code="7">0</subfield>
    <subfield code="8">SE</subfield>
    <subfield code="a">PD</subfield>
    <subfield code="b">PD</subfield>
    <subfield code="c">RE</subfield>
    <subfield code="d">2014-04-07</subfield>
    <subfield code="e">4</subfield>
    <subfield code="h">A&#xF1;o.3: no.9: Ej.2 (2012: sept.Dic)</subfield>
    <subfield code="i">201209302012093020140407</subfield>
    <subfield code="l">0</subfield>
    <subfield code="o">9</subfield>
    <subfield code="p">43719-3-9-2</subfield>
    <subfield code="r">2020-08-08</subfield>
    <subfield code="w">2020-08-08</subfield>
    <subfield code="y">ISSUE</subfield>
    <subfield code="z">Edici&#xF3;n especial: terremotos y maremotos: peligros que nos acechan.</subfield>
  </datafield>
  <datafield tag="952" ind1=" " ind2=" ">
    <subfield code="0">0</subfield>
    <subfield code="1">0</subfield>
    <subfield code="2">ddc</subfield>
    <subfield code="4">0</subfield>
    <subfield code="5">6</subfield>
    <subfield code="7">0</subfield>
    <subfield code="8">SE</subfield>
    <subfield code="a">PD</subfield>
    <subfield code="b">PD</subfield>
    <subfield code="c">RE</subfield>
    <subfield code="d">2014-04-07</subfield>
    <subfield code="e">4</subfield>
    <subfield code="h">A&#xF1;o.3: no.9: Ej.3 (2012: sept.Dic)</subfield>
    <subfield code="i">201209302012093020140407</subfield>
    <subfield code="l">0</subfield>
    <subfield code="o">9</subfield>
    <subfield code="p">43719-3-9-3</subfield>
    <subfield code="r">2020-08-08</subfield>
    <subfield code="w">2020-08-08</subfield>
    <subfield code="y">ISSUE</subfield>
    <subfield code="z">Edici&#xF3;n especial: terremotos y maremotos: peligros que nos acechan.</subfield>
  </datafield>
  <datafield tag="952" ind1=" " ind2=" ">
    <subfield code="0">0</subfield>
    <subfield code="1">0</subfield>
    <subfield code="2">ddc</subfield>
    <subfield code="4">0</subfield>
    <subfield code="5">6</subfield>
    <subfield code="7">0</subfield>
    <subfield code="8">SE</subfield>
    <subfield code="a">PD</subfield>
    <subfield code="b">PD</subfield>
    <subfield code="c">RE</subfield>
    <subfield code="d">2014-04-07</subfield>
    <subfield code="e">4</subfield>
    <subfield code="h">A&#xF1;o.3: no.9: Ej.4 (2012: sept.Dic)</subfield>
    <subfield code="i">201209302012093020140407</subfield>
    <subfield code="l">0</subfield>
    <subfield code="o">9</subfield>
    <subfield code="p">43719-3-9-4</subfield>
    <subfield code="r">2020-08-08</subfield>
    <subfield code="w">2020-08-08</subfield>
    <subfield code="y">ISSUE</subfield>
    <subfield code="z">Edici&#xF3;n especial: terremotos y maremotos: peligros que nos acechan.</subfield>
  </datafield>
  <datafield tag="952" ind1=" " ind2=" ">
    <subfield code="0">0</subfield>
    <subfield code="1">0</subfield>
    <subfield code="2">ddc</subfield>
    <subfield code="4">0</subfield>
    <subfield code="5">6</subfield>
    <subfield code="7">0</subfield>
    <subfield code="8">SE</subfield>
    <subfield code="a">PD</subfield>
    <subfield code="b">PD</subfield>
    <subfield code="c">RE</subfield>
    <subfield code="d">2014-04-07</subfield>
    <subfield code="e">4</subfield>
    <subfield code="h">A&#xF1;o.3: no.9: Ej.5 (2012: sept.Dic)</subfield>
    <subfield code="i">201209302012093020140407</subfield>
    <subfield code="l">0</subfield>
    <subfield code="o">9</subfield>
    <subfield code="p">43719-3-9-5</subfield>
    <subfield code="r">2020-08-08</subfield>
    <subfield code="t">e.5</subfield>
    <subfield code="w">2020-08-08</subfield>
    <subfield code="y">ISSUE</subfield>
    <subfield code="z">Edici&#xF3;n especial: terremotos y maremotos: peligros que nos acechan.</subfield>
  </datafield>
  <datafield tag="952" ind1=" " ind2=" ">
    <subfield code="0">0</subfield>
    <subfield code="1">0</subfield>
    <subfield code="2">ddc</subfield>
    <subfield code="4">0</subfield>
    <subfield code="5">6</subfield>
    <subfield code="7">0</subfield>
    <subfield code="8">SE</subfield>
    <subfield code="a">BNPHU</subfield>
    <subfield code="b">BNPHU</subfield>
    <subfield code="d">2025-05-16</subfield>
    <subfield code="h">A&#xF1;o.1: no.2: (2010: mayo.ago)</subfield>
    <subfield code="l">0</subfield>
    <subfield code="p">2025-4335</subfield>
    <subfield code="r">2025-05-16</subfield>
    <subfield code="t">e.4</subfield>
    <subfield code="w">2025-05-16</subfield>
    <subfield code="y">ISSUE</subfield>
  </datafield>
  <datafield tag="952" ind1=" " ind2=" ">
    <subfield code="0">0</subfield>
    <subfield code="1">0</subfield>
    <subfield code="2">ddc</subfield>
    <subfield code="4">0</subfield>
    <subfield code="5">6</subfield>
    <subfield code="7">0</subfield>
    <subfield code="8">SE</subfield>
    <subfield code="a">BNPHU</subfield>
    <subfield code="b">BNPHU</subfield>
    <subfield code="d">2025-05-16</subfield>
    <subfield code="h">A&#xF1;o.1: no.2: (2010: mayo.ago)</subfield>
    <subfield code="l">0</subfield>
    <subfield code="p">2025-4336</subfield>
    <subfield code="r">2025-05-16</subfield>
    <subfield code="t">e.5</subfield>
    <subfield code="w">2025-05-16</subfield>
    <subfield code="y">ISSUE</subfield>
  </datafield>
  <datafield tag="999" ind1=" " ind2=" ">
    <subfield code="c">43208</subfield>
    <subfield code="d">43208</subfield>
  </datafield>
</record>
